| 000 | 00473nam a2200205Ia 4500 | ||
|---|---|---|---|
| 999 |
_c2955 _d2955 |
||
| 003 | 0100 | ||
| 008 | 130227s9999 xx 000 0 und d | ||
| 020 | _a014021397X | ||
| 040 | _cARRUPELIB | ||
| 050 | _aGN490.B3413 | ||
| 100 |
_aBalandier, Georges _925890 |
||
| 245 | _aPolitical anthropology | ||
| 260 |
_aHarmondsworth _bPenguin Books |
||
| 300 | _aviii | ||
| 300 | _b 214p 18cm | ||
| 650 |
_aGovernment, Primitive _937844 |
||
| 700 |
_aSmith, A. M. Sheridan (tr) _937845 |
||
| 942 |
_2lcc _cMONOGRAPH |
||